[Event "Challenge"]
[Site "http://www.queenalice.com/game.php?id=1090352"]
[Date "2012.8.4"]
[Round "-"]
[White "Rogerio11"]
[Black "Noodles"]
[Result "1-0"]
[WhiteElo "1255"]
[BlackElo "1300"]

1. e4 Nf6 2. Nc3 e5 3. Nf3 Bd6 4. d4 Nc6 5. dxe5 Nxe5 6. Nd5 Nxd5 7. exd5 Nxf3+
8. gxf3 O-O 9. c4 Re8+ 10. Kd2 c5 11. f4 Qa5+ 12. Kc2 f5 13. Bd2 Qa4+ 14. b3 Qa3
15. Qh5 g6 16. Qh4 Be7 17. Bc1 Qb4 18. Qh6 d6 19. Bb2 a6 20. Qg7# 1-0

[Event "Kraj's Challenge"]
[Site "http://www.queenalice.com/game.php?id=1094422"]
[Date "2012.8.19"]
[Round "-"]
[White "Noodles"]
[Black "Krajnicov"]
[Result "1-0"]
[WhiteElo "1303"]
[BlackElo "1504"]

1. Nf3 f6 2. g3 e5 3. e4 Bc5 4. c4 g5 5. a3 g4 6. Nh4 Nc6 7. d3 f5 8. Nxf5 Qf6
9. Qd2 d6 10. Be2 Bxf5 11. exf5 Qxf5 12. Rf1 Qh5 13. Nc3 Nd4 14. Nd5 Qf7 15.
Bxg4 Nb3 16. Qg5 h6 17. Qf5 Qg7 18. Bh5+ Kd8 19. Bg5+ Ne7 20. Bxe7+ Qxe7 21.
Nxe7 Kxe7 22. Rd1 Nd4 23. Qe4 Nc2+ 24. Ke2 Rag8 25. Qh4+ Rg5 26. f4 Nd4+ 27. Kf2
Nf5+ 28. Ke2 Nxh4 29. fxg5 Ng2 30. g6 Rg8 31. Rf7+ Ke6 32. Bg4# 1-0

[Event "AUTO-BEG-534"]
[Site "http://www.queenalice.com/game.php?id=1106767"]
[Date "2012.9.26"]
[Round "2"]
[White "ebpap123"]
[Black "Noodles"]
[Result "1-0"]
[WhiteElo "1908"]
[BlackElo "1367"]

1. e4 e5 2. Nf3 f6 3. Bc4 c5 4. c3 Nc6 5. a3 d6 6. O-O a5 7. d3 Nge7 8. Nbd2 g6
9. Qb3 Rb8 10. Bf7+ Kd7 11. Qe6+ Kc7 12. Qxf6 Bh6 13. Qh4 Rf8 14. Qxh6 Rh8 15.
Bb3 Ng8 16. Qg5 h6 17. Qxd8+ Nxd8 18. Bxg8 Rxg8 19. h3 g5 20. Kh2 Nf7 21. Rg1 h5
22. Nf1 g4 23. hxg4 hxg4 24. Nh4 Rh8 25. g3 Be6 26. Kg2 Rbg8 27. Ne3 Nh6 28.
Nd5+ Kb8 29. Bxh6 Rxh6 30. Rh1 b5 31. b3 b4 32. axb4 cxb4 33. c4 Rc8 34. Rxa5
Rc5 35. Rxc5 dxc5 36. Nf5 Rg6 37. Rh6 Bf7 38. Rxg6 Bxg6 39. Nh6 Be8 40. Ne3 Bd7
41. Nhxg4 Kc7 42. Nxe5 Bc8 43. f4 Kd6 44. g4 Ke6 45. g5 Ke7 46. Nd5+ Kf8 47. f5
Kg7 48. f6+ Kf8 49. g6 Be6 50. Nc7 Bg8 51. f7 Kg7 52. fxg8=Q+ Kxg8 53. Na6 Kg7
54. Nxc5 Kg8 55. Na6 Kg7 56. Nxb4 Kg8 57. c5 Kg7 58. c6 Kf6 59. d4 Ke6 60. g7
Kd6 61. g8=Q Kc7 62. Nd5+ Kd6 63. Qg6# 1-0

[Event "AUTO-BEG-534"]
[Site "http://www.queenalice.com/game.php?id=1106768"]
[Date "2012.9.26"]
[Round "2"]
[White "Noodles"]
[Black "ebpap123"]
[Result "0-1"]
[WhiteElo "1369"]
[BlackElo "1797"]

1. f3 e5 2. Nh3 d5 3. Nc3 Nf6 4. d3 Be7 5. Be3 d4 6. Na4 dxe3 7. Ng5 O-O 8. c4
h6 9. Ne4 Nxe4 10. fxe4 Bb4+ 11. Nc3 Qf6 12. Qc2 Qf2+ 13. Kd1 Nc6 14. Nd5 Qe1#
0-1

[Event "Challenge"]
[Site "http://www.queenalice.com/game.php?id=1115875"]
[Date "2012.10.25"]
[Round "-"]
[White "Noodles"]
[Black "teferi"]
[Result "0-1"]
[WhiteElo "1365"]
[BlackElo "1437"]

1. g3 Nc6 2. e4 e5 3. Be2 d6 4. Nf3 f5 5. d3 Nf6 6. h4 fxe4 7. Ng5 exd3 8. Bxd3
Nd4 9. c3 Bg4 10. Qd2 Bf3 11. Rh3 Bg4 12. Rh2 h6 13. Ne4 Nf3+ 14. Kf1 Nxd2+ 15.
Bxd2 Bf5 16. f3 Bxe4 17. fxe4 Ng4 18. Bb5+ c6 19. Ba4 Nxh2+ 20. Ke1 Nf3+ 21. Ke2
Nxd2 22. Nxd2 g5 23. h5 Qf6 24. Rf1 Qe6 25. Bb3 Qh3 26. Bf7+ Ke7 27. g4 Qxf1+
28. Nxf1 Kxf7 29. b4 c5 30. a4 cxb4 31. cxb4 d5 32. exd5 Bxb4 33. d6 Bxd6 34. a5
Rhd8 35. a6 Rac8 36. axb7 Rb8 37. Ne3 Rxb7 38. Nf5 Rb3 39. Nxh6+ Ke6 40. Kd2 Rc8
41. Nf5 Bb4+ 42. Ke2 Rc2+ 43. Kd1 Rh2 44. Kc1 Ba3+ 45. Kd1 Rb1# 0-1

[Event "Challenge"]
[Site "http://www.queenalice.com/game.php?id=1115877"]
[Date "2012.10.25"]
[Round "-"]
[White "teferi"]
[Black "Noodles"]
[Result "1-0"]
[WhiteElo "1489"]
[BlackElo "1379"]

1. e4 e5 2. f4 f6 3. d3 Nc6 4. Nc3 Nd4 5. f5 d6 6. b3 g5 7. Nd5 h6 8. Bb2 Bg7 9.
Bxd4 exd4 10. Qh5+ Kd7 11. Qf7+ Kc6 12. Qxg7 b6 13. Qxh8 Ba6 14. Nb4+ Kb7 15.
Nxa6 Kxa6 16. Nf3 Qe7 17. c3 c5 18. cxd4 cxd4 19. Nxd4 Qe5 20. Nc2 Rc8 21. d4+
Kb7 22. dxe5 fxe5 23. Qg7+ Kb8 24. Ba6 Rd8 25. Qb7# 1-0

[Event "Challenge"]
[Site "http://www.queenalice.com/game.php?id=1122356"]
[Date "2012.11.14"]
[Round "-"]
[White "Wigmont"]
[Black "Noodles"]
[Result "1-0"]
[WhiteElo "1327"]
[BlackElo "1352"]

1. e4 Nc6 2. c4 e5 3. b3 Nf6 4. d3 Nd4 5. Be3 c5 6. Nc3 b6 7. g4 d6 8. Nh3 Nxg4
9. Bg5 Nf3+ 10. Qxf3 f6 11. Bd2 h5 12. Nd5 Rh6 13. Bxh6 gxh6 14. Be2 f5 15. exf5
Nf6 16. Nxf6+ Qxf6 17. Qxa8 Qxf5 18. Qc6+ Bd7 19. Qa8+ 1-0

[Event "Challenge"]
[Site "http://www.queenalice.com/game.php?id=1122357"]
[Date "2012.11.14"]
[Round "-"]
[White "Wigmont"]
[Black "Noodles"]
[Result "1-0"]
[WhiteElo "1371"]
[BlackElo "1378"]

1. e4 g6 2. d4 Bg7 3. Nf3 c6 4. c4 a5 5. Ng5 f6 6. Nc3 fxg5 7. Bxg5 Bf6 8. Bf4
g5 9. Qh5+ Kf8 10. Be3 d6 11. d5 e5 12. c5 Be7 13. Bc4 Nf6 14. Qh6+ Ke8 15. O-O
Ng4 16. Qg7 Bf6 17. Bxg5 Bxg7 18. Bxd8 Kxd8 19. cxd6 Rf8 20. a3 Rf6 21. h3 Nh6
22. Rad1 Kd7 23. Na4 Kxd6 24. Nb6 Bd7 25. Nxa8 Kc5 26. Rc1 Kd4 27. b4 Kxe4 28.
g4 Rf3 29. dxc6 Bxc6 30. b5 Be8 31. Rcd1 Rxh3 32. Rd8 Nxg4 33. Rxe8 Nd7 34. Be6
Nc5 35. Bxg4 Rxa3 36. Nb6 Nd3 37. Nc4 Ra4 38. Nd6+ Kf4 39. Be2 Nc5 40. Rc8 Nd7
41. Rc7 Ra2 42. Re1 h5 43. Rxd7 Bh6 44. Rf7+ Kg5 45. Bd3 Kh4 46. Nf5+ 1-0

[Event "Challenge"]
[Site "http://www.queenalice.com/game.php?id=1122362"]
[Date "2012.11.15"]
[Round "-"]
[White "Ew"]
[Black "Noodles"]
[Result "1-0"]
[WhiteElo "1605"]
[BlackElo "1352"]

1. e4 e5 2. Nf3 d6 3. d4 Nc6 4. d5 Nce7 5. Nc3 c5 6. Bb5+ Bd7 7. O-O a6 8. Bxd7+
Qxd7 9. Ng5 b5 10. Qf3 b4 11. Qxf7+ Kd8 12. Qxf8+ Qe8 13. Qxg7 Nh6 14. Ne2 Ng4
15. Ne6+ Kd7 16. Qxg4 Rg8 17. Ng5+ Kc7 18. Qe6 Qh5 19. Qxe7+ Kb6 20. Ng3 Qg4 21.
Ne6 Ra7 22. Qxd6+ Kb7 23. Nxc5+ Ka8 24. Nxa6 Rd7 25. Qc6+ Ka7 26. Be3# 1-0

[Event "AUTO-BEG-538"]
[Site "http://www.queenalice.com/game.php?id=1124000"]
[Date "2012.11.19"]
[Round "2"]
[White "ac2012"]
[Black "Noodles"]
[Result "1-0"]
[WhiteElo "1844"]
[BlackElo "1352"]

1. e4 e5 2. Nf3 Qe7 3. Bc4 Nh6 4. d3 Nc6 5. c3 g6 6. Be3 f5 7. exf5 Nxf5 8. Bd2
a6 9. O-O Na5 10. Nxe5 Qxe5 11. Re1 Nxc4 12. dxc4 Qxe1+ 13. Qxe1+ Ne7 14. b4 h5
15. Bg5 Kf7 16. Qe5 Bg7 17. Qxe7+ Kg8 18. Nd2 Bf8 19. Qe8 h4 20. Qxg6+ Bg7 21.
Ne4 d6 22. Nf6+ Kf8 23. Qe8# 1-0

[Event "AUTO-BEG-538"]
[Site "http://www.queenalice.com/game.php?id=1124001"]
[Date "2012.11.19"]
[Round "2"]
[White "Noodles"]
[Black "ac2012"]
[Result "0-1"]
[WhiteElo "1362"]
[BlackElo "1859"]

1. e3 e5 2. Bd3 d6 3. Nc3 Nf6 4. e4 Be7 5. Nf3 h6 6. b3 b6 7. Ba3 O-O 8. Nh4
Nxe4 9. Bxe4 c6 10. Qf3 Bb7 11. Qf5 g6 12. Nxg6 f6 13. Qe6+ Rf7 14. d3 Bc8 15.
Qc4 d5 16. Qxc6 Bxa3 17. Qxa8 dxe4 18. Qxb8 Bb2 19. Rd1 Bxc3+ 20. Kf1 Rd7 21.
Ke2 exd3+ 22. cxd3 Rxd3 23. Rxd3 Bg4+ 24. f3 Qxb8 25. Rxc3 Bd7 26. Rd1 Qb7 27.
Ne7+ Kf7 28. Nd5 Bc6 29. Nb4 Bb5+ 30. Kf2 Qe7 31. Nd5 Qa3 32. b4 Qxa2+ 33. Ke3
Qe2# 0-1

[Event "AUTO-BEG-538"]
[Site "http://www.queenalice.com/game.php?id=1124004"]
[Date "2012.11.19"]
[Round "2"]
[White "LeandroJunio"]
[Black "Noodles"]
[Result "1-0"]
[WhiteElo "1601"]
[BlackElo "1361"]

1. e4 a5 2. Nc3 e5 3. Nf3 Bd6 4. Bc4 Nf6 5. d3 c5 6. Bg5 h6 7. Bxf6 Qxf6 8. Nd5
Qg6 9. g3 f5 10. Nh4 Qg5 11. O-O Nc6 12. Nxf5 g6 13. Nxd6+ Kf8 14. Nxc8 Rxc8 15.
Nb6 Re8 16. Nxd7+ Ke7 17. Nxc5 b6 18. Nb3 a4 19. Nd2 Rb8 20. Bb5 Nd4 21. Bxa4
Ra8 22. Bb3 1-0

[Event "AUTO-BEG-538"]
[Site "http://www.queenalice.com/game.php?id=1124005"]
[Date "2012.11.19"]
[Round "2"]
[White "Noodles"]
[Black "LeandroJunio"]
[Result "1-0"]
[WhiteElo "1360"]
[BlackElo "1533"]

1. d4 Nf6 2. b4 d5 3. Nc3 a6 4. a4 Nc6 5. Rb1 Qd6 6. b5 axb5 7. Nxb5 Qd7 8. e3
Rxa4 9. c3 Ra5 10. f4 Ne4 11. Bb2 Ra2 12. Be2 Kd8 13. Qb3 Ra8 14. Ra1 g6 15.
Rxa8 1-0

[Event "AUTO-BEG-538"]
[Site "http://www.queenalice.com/game.php?id=1124006"]
[Date "2012.11.19"]
[Round "2"]
[White "rodrigues"]
[Black "Noodles"]
[Result "1-0"]
[WhiteElo "1232"]
[BlackElo "1383"]

1. e4 Nf6 2. Nc3 e5 3. Bc4 c5 4. d3 Nc6 5. g4 d6 6. g5 Nh5 7. Qxh5 g6 8. Qh4 h6
9. gxh6 Nd4 10. Bxf7+ Kd7 11. Qxd8+ Kxd8 12. Kd2 Bxh6+ 13. Kd1 Bg4+ 14. f3 Bxf3+
15. Nxf3 Nxf3 16. h3 Bg7 17. Bg5+ Nxg5 18. Bd5 Rxh3 19. Rxh3 Nxh3 20. Bxb7 Rb8
21. Bd5 Nf2+ 22. Ke1 Ng4 23. Ke2 Rxb2 24. Rh1 Rxc2+ 25. Kf1 Rxc3 26. Rh3 Rc1+
27. Kg2 Rc2+ 28. Kg3 Nf2 29. Rh7 Bf8 30. Rxa7 Nxd3 31. a4 Bh6 32. Bf7 Bf4+ 33.
Kf3 Rc3 34. a5 g5 35. a6 Ne1+ 36. Kg4 c4 37. Ra8+ Kc7 38. a7 Rg3+ 39. Kf5 Nf3
40. Rb8 Nd4+ 41. Kf6 Nc6 42. a8=Q Nxb8 43. Ke6 c3 44. Qa7+ Kc8 45. Kxd6 c2 46.
Qa1 Rd3+ 47. Bd5 Rc3 48. Qxc3+ 1-0

[Event "AUTO-BEG-538"]
[Site "http://www.queenalice.com/game.php?id=1124007"]
[Date "2012.11.19"]
[Round "2"]
[White "Noodles"]
[Black "rodrigues"]
[Result "1-0"]
[WhiteElo "1350"]
[BlackElo "1220"]

1. d4 e6 2. e4 Nf6 3. Be3 Nxe4 4. Na3 Bxa3 5. bxa3 Qf6 6. Rb1 d5 7. Bb5+ c6 8.
Be2 Qe7 9. f3 Nc3 10. Qc1 Nxb1 11. Qxb1 Qh4+ 12. g3 Qe7 13. Nh3 Qxa3 14. Bc1
Qb4+ 15. Qxb4 b5 16. Ba3 Na6 17. Qe7# 1-0

[Event "Challenge"]
[Site "http://www.queenalice.com/game.php?id=1124820"]
[Date "2012.11.21"]
[Round "-"]
[White "teferi"]
[Black "Noodles"]
[Result "1-0"]
[WhiteElo "1358"]
[BlackElo "1355"]

1. d4 d5 2. c4 dxc4 3. e4 b5 4. Nc3 Bd7 5. b3 a6 6. g3 cxb3 7. axb3 Nc6 8. Bb2
Nb4 9. Qe2 Nf6 10. Bh3 e6 11. Nf3 c5 12. d5 exd5 13. exd5+ Be7 14. d6 Nc6 15.
Bxd7+ Qxd7 16. dxe7 Nxe7 17. Ne5 Qf5 18. Rd1 Rg8 19. Nc6 Kf8 20. Qxe7# 1-0